| 000 | 00340nam a2200121Ia 4500 | ||
|---|---|---|---|
| 008 | 210430s9999 xx 000 0 und d | ||
| 082 | _a808.02 K459 A | ||
| 100 |
_aDr A R Khursheed _954153 |
||
| 245 |
_aAdvanced Thesis Writing Manual _cDr A R Khursheed |
||
| 260 |
_aLahore _bAdvanced Publisher _c2012 |
||
| 300 | _a234p. | ||
| 942 |
_cBK _2ddc |
||
| 999 |
_c564629 _d564629 |
||